00325nam a2200121Ia 4500003000400000008004100004040001600045082001800061245005600079260005300135300001000188490000500198GCL140319s9999 xx 000 0 ara d aGCL / cGCL04a615.32bا ا10aالاعشاب لجمال البشرة والشعر a[S.N] : bالمركز العربى الحديث a97 ص a